[Event "Horgen-B"]
[Site "Horgen"]
[Date "1995.??.??"]
[Round "1"]
[White "Hodgson, Julian M"]
[Black "Gabriel, Christian"]
[Result "1-0"]
[WhiteElo "2590"]
[BlackElo "2475"]

1.d4 Nf6 2.Bg5 e6 3.e4 h6 4.Bxf6 Qxf6 5.Nc3 d6 6.Qd2 g5 7.O-O-O Bg7 8.g3 Nc6
9.Bb5 Bd7 10.Nge2 a6 11.Bxc6 Bxc6 12.f4 O-O-O 13.Rhf1 Qg6 14.g4 Bxe4 15.Ng3 d5
16.Ncxe4 dxe4 17.f5 exf5 18.Nxf5 Rhe8 19.Qg2 Bf8 20.Rfe1 Qe6 21.Kb1 h5 22.h3 hxg4
23.hxg4 Qd5 24.Re3 Re6 25.Rde1 Bd6 26.Qe2 Bf4 27.c4 Qa5 28.Rc3 Rh8 29.Qd1 Qb4
30.a3 Qf8 31.d5 Re8 32.c5 Rh2 33.c6 Bd2 34.Qb3 b5 35.d6 Bxe1 36.d7+ Kb8 37.Rc5 Ba5
38.Rxb5+ axb5 39.Qxb5+ Bb6 40.Qa6 Rxb2+ 41.Kxb2 Qh8+ 42.Kb3  1-0

[Event "HUN-chT1"]
[Site "HUN"]
[Date "1995.??.??"]
[Round "?"]
[White "Puschmann, Laszlo"]
[Black "Varga, Zoltan"]
[Result "0-1"]
[WhiteElo "2340"]
[BlackElo "2460"]

1.d4 Nf6 2.Bg5 e6 3.e3 h6 4.Bf4 b6 5.Nf3 Bb7 6.Nbd2 Be7 7.h3 O-O 8.c3 d6
9.Bh2 Re8 10.Bb5 Nbd7 11.Qe2 a6 12.Bd3 Bf8 13.e4 e5 14.d5 Nc5 15.Bc2 c6 16.b4 Ncd7
17.dxc6 Bxc6 18.O-O Qc7 19.c4 a5 20.a3 Ra7 21.Rfc1 axb4 22.axb4 Rea8 23.Rab1 Ra3
24.Ne1 R8a7 25.Bb3 Ra8 26.Nc2 R3a7 27.g4 Ba4 28.Ne3 Bxb3 29.Rxb3 Ra1 30.Qd1 Rxc1
31.Qxc1 b5 32.Rb1 Ra2 33.Rb2 Rxb2 34.Qxb2 bxc4 35.Ndxc4 Nxe4 36.Qb3 Qb7 37.Na5 Qb5
38.Qc4 Qxc4 39.Naxc4 Nc3 40.Na3 d5 41.Nac2 f6 42.Nf1 Kf7 43.Kg2 Na2 44.Nfe3 d4
45.Nd5 Ke6 46.Nc7+ Kd6 47.Na6 Kd5  0-1

[Event "HUN-chT1"]
[Site "HUN"]
[Date "1995.??.??"]
[Round "?"]
[White "Szabo, Zsolt"]
[Black "Anka, Emil"]
[Result "1/2-1/2"]
[WhiteElo "2225"]
[BlackElo "2410"]

1.d4 Nf6 2.Bg5 e6 3.Nd2 h6 4.Bh4 c5 5.e3 cxd4 6.exd4 Be7 7.Ngf3 b6 8.Bd3 Bb7
9.O-O O-O 10.Re1 d6 11.Bxf6 Bxf6 12.Be4 d5 13.Bd3 Ba6 14.Bxa6 Nxa6 15.c3 Nb8
16.a4 Nc6 17.Nb3 Qc7 18.Qd3 Rab8 19.Re2 Na5 20.Nxa5 bxa5 21.Qd1 Rb6 22.Ne1 Rfb8
23.Nd3 Be7 24.f4 Bd6 25.g3 R6b7 26.Rd2 Qc6 27.Qf3 Re7 28.h4 f6 29.Re2 Rbe8
30.Kg2 Kh8 31.h5 Qc4 32.Re3 Qc6 33.Rae1 Kg8 34.Qg4 Qd7 35.Qf3 Qc6 36.Qg4 Qd7
37.Qf3 Qc6  1/2-1/2

[Event "HUN-chT1"]
[Site "HUN"]
[Date "1995.??.??"]
[Round "?"]
[White "Brandics, Jozsef"]
[Black "Szilagyi, Peter"]
[Result "0-1"]
[WhiteElo "2300"]
[BlackElo "2400"]

1.d4 Nf6 2.Bg5 e6 3.e4 h6 4.Bxf6 Qxf6 5.e5 Qe7 6.c3 d6 7.Nf3 Nc6 8.Bb5 Bd7
9.Qe2 g5 10.exd6 cxd6 11.O-O g4 12.Nfd2 h5 13.Re1 Bh6 14.Nc4 O-O-O 15.a4 Kb8
16.Nbd2 Be8 17.Nb3 Qc7 18.a5 a6 19.Ba4 Ne7 20.Nb6 Nc8 21.Nxc8 Rxc8 22.Bxe8 Rhxe8
23.Ra4 f5 24.Rb4 Ka8 25.Rb6 h4 26.Nc1 Bg7 27.Nd3 e5 28.Nxe5 dxe5 29.d5 Qc4
30.d6  0-1

[Event "HUN-chT1"]
[Site "HUN"]
[Date "1995.??.??"]
[Round "?"]
[White "Puschmann, Laszlo"]
[Black "Horvath, Julia"]
[Result "1-0"]
[WhiteElo "2340"]
[BlackElo "2270"]

1.d4 Nf6 2.Bg5 e6 3.e3 Be7 4.c3 d5 5.Nd2 O-O 6.Bd3 Nbd7 7.f4 c5 8.Qe2 h6
9.Bh4 b6 10.Ngf3 Bb7 11.Ne5 Nxe5 12.fxe5 Nd7 13.Bg3 Bh4 14.O-O-O Bxg3 15.hxg3 cxd4
16.exd4 Qg5 17.g4 g6 18.Kb1 Kg7 19.Nf3 Qe7 20.Rh3 Rh8 21.Rdh1 a5 22.g3 Rh7
23.g5 h5 24.Rh4 Rah8 25.Qe3 Bc6 26.Qe2 Nb8 27.Qh2 b5 28.Qe2 b4 29.cxb4 Qxb4
30.Rf4 Rc8 31.a3 Qb6 32.Rfh4 Rch8 33.Qd2 Bb5 34.Bxb5 Qxb5 35.Rc1 Nd7 36.Rf4 Rb8
37.Rc7 Kg8 38.Qc2 Nf8 39.Nh4 Rg7 40.Rc5 Qb6 41.Rc6 Qd8 42.Nf3 Nh7 43.Rf6 Nf8
44.Rd6 Qe7 45.Qc6 Qa7 46.Qa6 Qc7 47.Rc6 Qd7 48.Rc5 a4 49.Rc6 Kh7 50.Ka2 Qb7
51.Qxb7 Rxb7 52.Ra6 Nd7 53.Rxa4 Nxf6 54.exf6 Rg8 55.Ra5 Rgb8 56.b4 Kg8 57.Kb3 Kf8
58.Rc5 Ke8 59.Ne5 Rb6 60.Nd3 Kd7 61.a4 Kd6 62.b5 e5 63.Nxe5 Ke6 64.Kb4 h4
65.gxh4 Rh8 66.a5 Rbb8 67.a6 Rxh4 68.Ka5 Rh1 69.Rc6+ Kf5 70.b6 Ra1+ 71.Kb5 Ke4
72.Nd7 Rd8 73.Nc5+ Kf5 74.Nb3 Ra3 75.Rc3 Kxg5 76.b7 Kxf6 77.Rc6+ Ke7 78.Na5 Rb8
79.a7 Rh8  1-0

[Event "HUN-chT2 9495"]
[Site "HUN"]
[Date "1995.??.??"]
[Round "?"]
[White "Donka, Peter"]
[Black "Kustar, Sandor"]
[Result "1-0"]
[WhiteElo "2270"]
[BlackElo "2435"]

1.d4 Nf6 2.Bg5 e6 3.e4 h6 4.Bxf6 Qxf6 5.Nc3 d6 6.Qd2 Nd7 7.f4 a6 8.Nf3 g6
9.e5 Qe7 10.Bd3 Bg7 11.O-O-O b5 12.g4 Bb7 13.Be4 d5 14.Bd3 c5 15.f5 cxd4
16.Ne2 gxf5 17.gxf5 Nxe5 18.Nxe5 Bxe5 19.fxe6 fxe6 20.Kb1 O-O-O 21.a4 bxa4
22.Rhe1 Qd6 23.h4 a3 24.b4 Bf6 25.Nf4 e5 26.Bf5+ Kb8 27.Ne6 Rde8 28.Nc5 Bxh4
29.Rf1 Bg5 30.Qe2 Ka7 31.Ka2 Qb6 32.Rb1 Re7 33.Rb3 e4 34.Rxa3 Qxb4 35.Nxb7 d3
36.cxd3 Rxb7 37.dxe4 Rb6 38.exd5 Re8 39.Qc2 Re3 40.Bd3 Be7 41.Qc7+ Ka8 42.Qc8+  1-0

[Event "HUN-chT2 9495"]
[Site "HUN"]
[Date "1995.??.??"]
[Round "?"]
[White "Nemeth, Gabor"]
[Black "Magyar, Otto"]
[Result "0-1"]
[WhiteElo "2265"]
[BlackElo "2325"]

1.d4 Nf6 2.Bg5 e6 3.c4 Bb4+ 4.Nc3 c5 5.d5 d6 6.g3 Bxc3+ 7.bxc3 e5 8.Qc2 h6
9.Bd2 e4 10.f3 Qe7 11.e3 exf3 12.Nxf3 Nbd7 13.Bd3 Ng4 14.O-O Nde5 15.Nxe5 Nxe5
16.Be2 O-O 17.e4 Bh3 18.Rf2 Rae8 19.Re1 Qd7 20.Rf4 Re7 21.Rh4 Ng6 22.Rh5 Rfe8
23.Bf3 Bg4 24.Bxg4 Qxg4 25.Rf5 Nh4 26.Rf4 Nf3+ 27.Kg2 Nxe1+ 28.Bxe1 Qg6 29.Kf3 f5  0-1

[Event "HUN-chT2 9596"]
[Site "HUN"]
[Date "1995.??.??"]
[Round "2"]
[White "Szabo, Zsolt"]
[Black "Baranyai, Szabolcs Jr"]
[Result "1/2-1/2"]
[WhiteElo "2350"]
[BlackElo "2135"]

1.d4 Nf6 2.Bg5 e6 3.Nf3 Be7 4.e3 h6 5.Bxf6 Bxf6 6.c4 d5 7.Nc3 O-O 8.Bd3 Nc6
9.cxd5 exd5 10.a3 Re8 11.O-O Bg4 12.Be2 Be6 13.Rc1 Rc8 14.b4 Be7 15.Bb5 Bg4
16.Na4 a6 17.Bxc6 bxc6 18.Nc5  1/2-1/2

[Event "Kiekrz op"]
[Site "Kiekrz"]
[Date "1995.??.??"]
[Round "6"]
[White "Steiner, Guenter"]
[Black "Richter, Juergen"]
[Result "1-0"]
[WhiteElo "2185"]
[BlackElo "2030"]

1.d4 Nf6 2.Bg5 e6 3.Nd2 Be7 4.e3 c5 5.c3 b6 6.Ngf3 O-O 7.Qa4 cxd4 8.exd4 Bb7
9.Bd3 Nc6 10.Nc4 d6 11.O-O Qd7 12.Ne3 Rfd8 13.Qd1 Rac8 14.a4 Nb8 15.Bxf6 Bxf6
16.Qe2 g6 17.a5 Bg7 18.axb6 axb6 19.Ng5 Nc6 20.Bb5 Qe7 21.Qg4 Ra8 22.Nc4 Rxa1
23.Rxa1 Ra8 24.Re1 Na7 25.Nxb6 Nxb5 26.Nxa8 Bxa8 27.Ra1 Qb7 28.f3 Nc7 29.b4 Qd5
30.Qh4 h6 31.Ne4 g5 32.Qg3 e5 33.h4 exd4 34.hxg5 hxg5 35.Ra5 Qb3 36.Rxg5 Ne8  1-0

[Event "Kishinev Interzonal (Women)"]
[Site "Kishinev"]
[Date "1995.??.??"]
[Round "8"]
[White "Paasikangas, Johanna"]
[Black "Ratcu, Tatiana"]
[Result "0-1"]
[WhiteElo "2280"]
[BlackElo "2080"]

1.d4 Nf6 2.Bg5 e6 3.e4 c5 4.e5 h6 5.Bh4 g5 6.Bg3 Ne4 7.Nd2 Nxg3 8.hxg3 cxd4
9.Qg4 Qa5 10.f4 Nc6 11.a3 b5 12.Nf3 Bb7 13.fxg5 O-O-O 14.Rc1 Rg8 15.c3 dxc3
16.Rxc3 Kb8 17.Qf4 hxg5 18.Nxg5 b4 19.Nc4 Qc7 20.Rd3 bxa3 21.bxa3 Bg7 22.Re3 Rdf8
23.Nh7 Rh8 24.Nxf8 Rxh1 25.Qxf7 Nxe5 26.Rxe5 Rxf1+ 27.Kxf1 Qxc4+ 28.Re2 Qc1+
29.Re1 Ba6+ 30.Kf2 Bd4+ 31.Kf3 Qxe1 32.Nxd7+ Kc8 33.Qe8+ Kc7 34.Nf8  0-1

[Event "Kishinev Interzonal (Women)"]
[Site "Kishinev"]
[Date "1995.??.??"]
[Round "9"]
[White "Semenova, Lidia K"]
[Black "Petrenko, Svetlana"]
[Result "1-0"]
[WhiteElo "2310"]
[BlackElo "2250"]

1.d4 Nf6 2.Bg5 e6 3.Nd2 d5 4.e4 dxe4 5.Bxf6 Qxf6 6.Nxe4 Qe7 7.Nf3 Qb4+ 8.c3 Qxb2
9.Ne5 Qa3 10.Bd3 Qe7 11.O-O g6 12.f4 Bg7 13.Qf3 f5 14.Nc5 Bxe5 15.fxe5 c6
16.a4 b6 17.Nb3 Bb7 18.a5 c5 19.Qf2 cxd4 20.axb6 axb6 21.Rxa8 Bxa8 22.Ra1 Bd5
23.c4 Bc6 24.Nxd4 O-O 25.Bf1 Be4 26.Nb5 Nd7 27.Ra7 Qd8 28.Qd4 Nc5 29.Nd6 f4
30.Be2 h5 31.Bf3 Bxf3 32.gxf3 Qg5+ 33.Kf1 Qh4 34.Qg1 g5 35.Qg2 Nd3 36.Qe2 Qh3+
37.Kg1 Nc5 38.Qc2 Rf5 39.Nxf5 Qxf5 40.Qxf5 exf5 41.Rc7 g4 42.fxg4 fxg4 43.Rc6 Kf7
44.Rxb6 Nd3 45.Rh6 Nxe5 46.Rxh5 Nf3+ 47.Kg2 Ke6 48.h3 Ne1+ 49.Kf1 Nc2 50.hxg4 Ne3+
51.Ke2 Nxg4 52.Rh4 Kf5 53.c5 Ne5 54.Rh6 f3+ 55.Kf1 Nc4  1-0

[Event "Kuopio op1"]
[Site "Kuopio"]
[Date "1995.??.??"]
[Round "?"]
[White "Vaatainen, Timo"]
[Black "Kveinys, Aloyzas"]
[Result "0-1"]
[WhiteElo "2215"]
[BlackElo "2525"]

1.d4 Nf6 2.Bg5 e6 3.e3 b6 4.c4 Bb7 5.Nc3 Bb4 6.Qb3 Nc6 7.d5 Bxc3+ 8.Qxc3 Nb8
9.Be2 d6 10.Bf3 e5 11.h3 Nbd7 12.g4 Nf8 13.Bd1 Ng6 14.f4 exf4 15.Ba4+ Kf8
16.exf4 Ne4 17.Bxd8 Nxc3 18.bxc3 Rxd8 19.Ne2 h5 20.Kf2 Ba6 21.Bb5 Bxb5 22.cxb5 Re8
23.Kf3 Nh4+ 24.Kf2 Re4 25.a4 Ke8 26.Rhg1 hxg4 27.hxg4 Kd7 28.Rh1 Rhe8 29.Ra2 g5
30.Rh3 Ng6 31.fxg5 Rxe2+  0-1

[Event "Kuopio op1"]
[Site "Kuopio"]
[Date "1995.??.??"]
[Round "?"]
[White "Fomina, Tatyana"]
[Black "Vooremaa, Andres"]
[Result "1-0"]
[WhiteElo "2295"]
[BlackElo "2305"]

1.d4 Nf6 2.Bg5 e6 3.c3 c5 4.e3 b6 5.Bd3 Bb7 6.Nf3 Be7 7.Nbd2 d6 8.O-O Nbd7
9.h3 Nh5 10.Bxe7 Qxe7 11.Qe2 g6 12.Rad1 O-O 13.Bb1 Ng7 14.e4 Rfd8 15.Rfe1 Rab8
16.Qe3 b5 17.Qh6 a5 18.Nf1 b4 19.Ne3 Nf8 20.Ng5 Bc6 21.f4 bxc3 22.bxc3 cxd4
23.cxd4 Rb4 24.f5 e5 25.f6 Qxf6 26.Rf1 Qe7 27.Rxf7 Qxf7 28.Nxf7 Kxf7 29.dxe5 Rdb8
30.Bc2 dxe5 31.Bb3+ Nge6 32.Ng4 Rxe4  1-0

[Event "La Coruna TH op"]
[Site "La Coruna"]
[Date "1995.??.??"]
[Round "1"]
[White "Armas, Jorge"]
[Black "Almeida Saenz, Alfonso"]
[Result "1-0"]
[WhiteElo "2425"]
[BlackElo "2335"]

1.d4 Nf6 2.Bg5 e6 3.Nd2 d5 4.e3 Be7 5.c3 O-O 6.Bd3 h6 7.Bxf6 Bxf6 8.f4 Bh4+
9.g3 Be7 10.Ngf3 c5 11.Qe2 Nd7 12.g4 cxd4 13.cxd4 Bb4 14.O-O-O b6 15.g5 h5
16.g6 f5 17.Rhg1 Be7 18.Ne5 Nf6 19.Ndf3 Bd7 20.Kb1 a6 21.Ng5 Be8 22.Nxe6  1-0

[Event "Las Palmas op"]
[Site "Las Palmas"]
[Date "1995.??.??"]
[Round "4"]
[White "Rausis, Igors"]
[Black "Roeder, Mathias"]
[Result "1/2-1/2"]
[WhiteElo "2515"]
[BlackElo "2460"]

1.d4 Nf6 2.Bg5 e6 3.Nd2 h6 4.Bh4 c5 5.c3 cxd4 6.cxd4 Nc6 7.e3 g5 8.Bg3 Qb6
9.Rb1 Bb4 10.Bd3 d6 11.a3 Bxd2+ 12.Qxd2 Ke7 13.Ne2 Bd7 14.Nc3 Nh5 15.d5 Nxg3
16.dxc6 Nxh1 17.cxd7 d5 18.Kf1 Rad8 19.Nb5 a6 20.Nd4 Nxf2 21.Qxf2 Qc7 22.Kg1 Rhf8
23.Rf1 f5 24.Qd2 Rxd7 25.Rc1 Qb6 26.Be2  1/2-1/2

[Event "Liechtenstein op"]
[Site "Liechtenstein"]
[Date "1995.??.??"]
[Round "?"]
[White "Elkuch, Harald"]
[Black "Paehtz, Thomas Sr"]
[Result "0-1"]
[WhiteElo "2200"]
[BlackElo "2470"]

1.d4 Nf6 2.Bg5 e6 3.e4 h6 4.Bxf6 Qxf6 5.e5 Qd8 6.Nc3 d5 7.Qg4 Qg5 8.Qxg5 hxg5
9.Nb5 Na6 10.a4 c6 11.Na3 c5 12.Bxa6 bxa6 13.dxc5 Bxc5 14.c3 a5 15.Nc2 Rb8
16.Rb1 Rh4 17.Nf3 Rxa4 18.Nfd4 Ba6 19.Kd2 Ra2 20.b3 Bxd4 21.cxd4 Rc8 22.Rhc1 Kd7
23.Ra1 Rcxc2+  0-1

[Event "Linares zt"]
[Site "Linares"]
[Date "1995.??.??"]
[Round "2"]
[White "Garcia Paolicchi, Raul"]
[Black "David, Alberto"]
[Result "0-1"]
[WhiteElo "2295"]
[BlackElo "2465"]

1.d4 Nf6 2.Bg5 e6 3.e4 h6 4.Bxf6 Qxf6 5.Nc3 d6 6.Qd2 g5 7.O-O-O Bg7 8.g3 Nc6
9.Nb5 Qd8 10.d5 exd5 11.exd5 Ne7 12.Bg2 Nf5 13.Re1+ Kf8 14.Ne2 Qf6 15.c3 Bd7
16.Nbd4 Re8 17.Nxf5 Bxf5 18.Nd4 Bd7 19.Re3 Rxe3 20.Qxe3 h5 21.Qf3 h4 22.Qxf6 Bxf6
23.Nc2 Be5 24.Kd2 f5 25.Ne1 Be8 26.Nf3 Bf6 27.gxh4 g4 28.Ng5 Kg8 29.Ne6 Rh7
30.h3 c5 31.dxc6 bxc6 32.Nd4 Bxd4 33.cxd4 Rxh4 34.Ke3 f4+ 35.Kd3 f3 36.Bf1 Kf8
37.Ke3 Bd7 38.Rh2 gxh3 39.Bd3 d5 40.a3 Ke7 41.Kxf3 Rxd4 42.Ke3 Rh4 43.f4 a5
44.Kf3 Kf6 45.Kg3 Rh8 46.Bf1 Bf5 47.b4 axb4 48.axb4 d4 49.Rd2 h2 50.Rxh2 Rxh2
51.Kxh2 d3  0-1

[Event "Linares zt"]
[Site "Linares"]
[Date "1995.??.??"]
[Round "3"]
[White "Hodgson, Julian M"]
[Black "Magem Badals, Jorge"]
[Result "1-0"]
[WhiteElo "2590"]
[BlackElo "2560"]

1.d4 Nf6 2.Bg5 e6 3.e4 h6 4.Bxf6 Qxf6 5.Nc3 d6 6.Qd2 c6 7.f4 e5 8.dxe5 dxe5
9.f5 Qd6 10.Bd3 Be7 11.Nf3 Nd7 12.a4 a5 13.g4 Qc5 14.Qf2 Qxf2+ 15.Kxf2 Bd6
16.Bc4 Nf6 17.Rad1 Bc7 18.g5 hxg5 19.Nxg5 Rf8 20.Ne2 Bd7 21.h4 Ke7 22.h5 Be8
23.Rd3 Rh8 24.Ng3 Rd8 25.Rb3 Rb8 26.Rd1 Rh6 27.Kf3 Nh7 28.Kg4 Nxg5 29.Kxg5 f6+
30.Kg4 Bd7 31.Bf7 Rhh8 32.Rbd3 Rbd8 33.Be6 Bxe6 34.fxe6 Rxd3 35.Rxd3 Kxe6
36.Nf5 Rg8 37.Rb3 b6 38.Rc3 Kd7 39.Kh4 g6 40.Rg3 g5+ 41.Kg4 Ke6 42.Rd3  1-0

[Event "Linares zt"]
[Site "Linares"]
[Date "1995.??.??"]
[Round "8"]
[White "David, Alberto"]
[Black "Daly, Colm"]
[Result "1-0"]
[WhiteElo "2465"]
[BlackElo "2280"]

1.d4 Nf6 2.Bg5 e6 3.e4 h6 4.Bxf6 Qxf6 5.Nc3 d6 6.Qd2 c6 7.f4 g5 8.f5 exf5
9.O-O-O fxe4 10.Nxe4 Qg6 11.Bd3 f5 12.Re1 fxe4 13.Bxe4 Qf6 14.Bxc6+ Kd8 15.Qa5+ b6
16.Qc3 Nxc6 17.Qxc6 Bg7 18.Qxa8 Qxd4 19.c3 Qf4+ 20.Kb1 Qf5+ 21.Ka1 Qf2 22.Nf3 Qxg2
23.Qxa7 Bf6 24.Qxb6+ Kd7 25.Rhf1 g4 26.Qa7+ Kd8 27.Qf7 gxf3 28.Qxf6+ Kc7
29.Qxh8 f2 30.Rd1 Ba6 31.c4  1-0

[Event "Lyon op"]
[Site "Lyon"]
[Date "1995.??.??"]
[Round "6"]
[White "Lukasiewicz, Grzegorz"]
[Black "Nenashev, Alexander"]
[Result "0-1"]
[WhiteElo "2355"]
[BlackElo "2605"]

1.d4 Nf6 2.Bg5 e6 3.e4 h6 4.Bxf6 Qxf6 5.Nc3 Bb4 6.Qd2 c5 7.Nf3 cxd4 8.Nxd4 Nc6
9.Ndb5 O-O 10.a3 Bc5 11.f4 d5 12.e5 Qd8 13.Ne2 Qb6 14.Nbc3 Qxb2 15.Rb1 Qxa3
16.Rb3 Qa6 17.Nc1 b5 18.Rxb5 Bb6 19.Rxd5 Qa1 20.Rd6 Nd4 21.Nd1 Nf5 22.Rxb6 axb6
23.Bd3 Ba6 24.Ne2 Rac8  0-1

[Event "Mainz op"]
[Site "Mainz"]
[Date "1995.??.??"]
[Round "6"]
[White "Schulze, Hanjo"]
[Black "Hartmann, Wolfram"]
[Result "0-1"]
[WhiteElo "2215"]
[BlackElo "2275"]

1.d4 Nf6 2.Bg5 e6 3.Nd2 d5 4.c3 Be7 5.e3 Nbd7 6.f4 O-O 7.Bd3 c5 8.Ngf3 Ng4
9.Bxe7 Qxe7 10.Bxh7+ Kh8 11.Ng5 Nxe3 12.Qe2 f6 13.Qxe3 fxg5 14.Qh3 g4 15.Qh5 Nf6
16.Qh4 g5 17.Qxg5 Qxh7 18.O-O-O cxd4 19.h3 g3 20.Nf3 Ne4 21.Qe5+ Qg7 22.Qh5+ Kg8
23.Rxd4 Rxf4 24.Rhd1 Bd7 25.Rxd5 exd5 26.Qxd5+ Be6 27.Qxe6+ Qf7 28.Qh6 Qf6
29.Qh5 Rd8 30.Rd5 Rxd5 31.Qxd5+ Qf7 32.Qd8+ Qf8 33.Qd5+ Qf7 34.Qd8+ Kh7 35.Qd3 Rxf3
36.gxf3 Qf4+ 37.Kb1 Qxf3 38.Qd7+ Kg6 39.Qe8+ Qf7 40.Qxe4+ Qf5  0-1

[Event "Manresa"]
[Site "Manresa"]
[Date "1995.??.??"]
[Round "7"]
[White "Vehi Bach, Victor Manuel"]
[Black "Epishin, Vladimir"]
[Result "0-1"]
[WhiteElo "2445"]
[BlackElo "2640"]

1.d4 Nf6 2.Bg5 e6 3.e4 h6 4.Bxf6 Qxf6 5.Nc3 d6 6.Qd2 c6 7.f4 e5 8.dxe5 dxe5
9.f5 Qd6 10.Bd3 Be7 11.Nf3 Nd7 12.O-O-O Qc7 13.g4 Nc5 14.h4 b5 15.Kb1 Ba6
16.Ne2 O-O-O 17.Qe3 f6 18.Nc1 Na4 19.Be2 c5 20.Rxd8+ Rxd8 21.b3 Nb6 22.c3 c4
23.b4 Na4 24.Rd1 Bb7 25.Rxd8+ Bxd8 26.Nd2 Qd6 27.Kc2 Bb6 28.Qf3 Bd4 29.cxd4 Qxb4
30.Kd1 Qb2 31.Nb1 Qxb1 32.Qa3 Bxe4 33.Qf8+ Kb7 34.Qxg7+ Ka6 35.Qxf6+ Ka5
36.Qxh6 Nc3+ 37.Ke1 exd4 38.Qd2 Ka6 39.Qh6+ Ka5 40.Qd2 Bd5 41.h5 b4 42.h6 Nxe2
43.h7 c3 44.Qxe2 Qxc1+ 45.Kf2 c2  0-1

[Event "Manresa"]
[Site "Manresa"]
[Date "1995.??.??"]
[Round "7"]
[White "Pomes Marcet, Juan"]
[Black "Lalic, Bogdan"]
[Result "0-1"]
[WhiteElo "2425"]
[BlackElo "2590"]

1.d4 Nf6 2.Bg5 e6 3.e4 h6 4.Bxf6 Qxf6 5.Nc3 d6 6.Qd2 a6 7.O-O-O g6 8.f4 Bg7
9.Nf3 Qe7 10.Bd3 Nd7 11.f5 O-O 12.g4 b5 13.h4 c5 14.g5 cxd4 15.Ne2 exf5 16.exf5 Bb7
17.f6 Nxf6 18.gxf6 Qxf6 19.Rdf1 Rae8 20.Nfxd4 Rxe2 21.Bxe2 Qxd4 22.Qxd4 Bxd4
23.Bf3 Rb8 24.c3 Be5 25.Kc2 Kg7 26.Bxb7 Rxb7 27.h5 g5 28.Rf5 f6 29.a3 Kf7
30.Rhf1 Ke6 31.R5f2 g4 32.Kd3 Rg7 33.a4 bxa4 34.Rg2 f5 35.Ra1 f4 36.Rxa4 Kf5
37.Rg1 g3 38.Ke2 Kg4 39.Rd1 Rg5  0-1

[Event "Manresa"]
[Site "Manresa"]
[Date "1995.??.??"]
[Round "9"]
[White "Vehi Bach, Victor Manuel"]
[Black "Garcia Ilundain, David"]
[Result "0-1"]
[WhiteElo "2445"]
[BlackElo "2510"]

1.d4 Nf6 2.Bg5 e6 3.e4 h6 4.Bxf6 Qxf6 5.Nc3 a6 6.Qd2 b5 7.e5 Qd8 8.f4 d5
9.Nf3 c5 10.g3 Nc6 11.Bg2 Qb6 12.Ne2 b4 13.O-O a5 14.Kh1 a4 15.f5 exf5 16.Nh4 Be6
17.Nxf5 Rd8 18.dxc5 Qxc5 19.Ned4 Nxd4 20.Nxd4 Be7 21.Nxe6 fxe6 22.Qd3 Kd7
23.c3 Rc8 24.cxb4 Qxb4 25.Rad1 Rhf8 26.Rxf8 Bxf8 27.Bh3 Rc5 28.Qg6 Qb6 29.Qf7+ Be7
30.Qxg7 Qxb2 31.Qxh6 Qxe5 32.Qd2 Qe4+ 33.Bg2 Qc2 34.h4 Qxd2 35.Rxd2 Rc3 36.Rd4 a3
37.Kh2 Bd6 38.Rg4 Rc2 39.h5 Rxa2 40.h6 Be5 41.Rg7+ Kd6 42.Ra7 Rf2 43.Rxa3 Rf6
44.Ra6+ Kd7 45.h7 Rh6+ 46.Bh3 Rxh7 47.Kg2 Rh6 48.g4 Bf4 49.Kf3 Bg5 50.Bf1 Rf6+
51.Kg2 Rf4 52.Bb5+ Ke7 53.Kg3 Rb4  0-1

[Event "Mar del Plata op"]
[Site "Mar del Plata"]
[Date "1995.??.??"]
[Round "8"]
[White "Amura, Claudia Noemi"]
[Black "Fiorito, Fabian"]
[Result "1/2-1/2"]
[WhiteElo "2315"]
[BlackElo "2435"]

1.d4 Nf6 2.Bg5 e6 3.Nd2 c5 4.e3 b6 5.Bd3 Bb7 6.Ngf3 Be7 7.c3 cxd4 8.exd4 Nd5
9.Ne4 O-O 10.h4 d6 11.Qe2 Nc6 12.g3 Rc8 13.O-O h6 14.Bd2 e5 15.c4 Ndb4 16.Bb1 d5
17.dxe5 dxc4 18.Rd1 Nd3 19.Bc3 Qd7 20.b3 Rfd8 21.Bc2 Qg4 22.bxc4 Ncxe5 23.Bxe5 Nxe5
24.Nd4 Qxe2 25.Nxe2 Rxc4 26.Rxd8+ Bxd8 27.N4c3 Bf6 28.Rd1 Rc8 29.Be4 Bxe4
30.Nxe4 Rc2 31.Nxf6+ gxf6 32.Nd4 Rxa2 33.f4 Ng4 34.Nf5 h5 35.Rd8+ Kh7 36.Rd7 Ra5
37.Rxf7+ Kg8 38.Nd6 Ra1+ 39.Kg2 Ne3+ 40.Kf3 Ng4 41.Rb7 Rd1 42.Nc8 Kf8 43.Ke4 Nh6
44.Rxa7 Re1+ 45.Kd5 Nf5 46.Nxb6 Nxg3 47.Nc4 Nf5 48.Rh7 Kg8 49.Ra7 Nxh4 50.Nd6 Ng6
51.Ne4 Nxf4+ 52.Kd4 f5 53.Nf6+ Kf8 54.Nh7+ Ke8 55.Nf6+ Kd8 56.Rh7 Ne6+ 57.Kd5 Nf4+
58.Kd4 Ne6+ 59.Kd5 Nc7+ 60.Kc4 Re6 61.Nxh5 Ne8 62.Kd3 Rg6 63.Ke3 Nd6 64.Kf4 Re6
65.Ng3 Re1 66.Rh1 Re8 67.Rd1 Kc7 68.Nxf5  1/2-1/2

[Event "Capablanca mem-B"]
[Site "Matanzas"]
[Date "1995.??.??"]
[Round "3"]
[White "Armas, Jorge"]
[Black "Mitkov, Nikola"]
[Result "1-0"]
[WhiteElo "2465"]
[BlackElo "2475"]

1.d4 Nf6 2.Bg5 e6 3.Nd2 c5 4.e3 h6 5.Bh4 Be7 6.Ngf3 O-O 7.Bd3 b6 8.c3 Bb7
9.Qe2 d6 10.O-O Nbd7 11.Rfd1 Re8 12.e4 Nh5 13.Bxe7 Qxe7 14.g3 Red8 15.e5 cxd4
16.exd6 Qxd6 17.Be4 d3 18.Qe3 Nc5 19.Nc4 Qc7 20.Bxb7 Qxb7 21.Nfe5 Qd5 22.b4 b5
23.Na5 Rdc8 24.bxc5 Rxc5 25.Nb3 Rxc3 26.Rxd3 Rxd3 27.Nxd3 Nf6 28.Nf4 Qc4
29.Rc1 Qa4 30.Qe2 Rd8 31.Rc7 Ne8 32.Rc5 a6 33.h3 Nd6 34.Rc7 Qa3 35.Kg2 a5
36.Nd4 Qa4 37.Nc6 Re8 38.Ra7 b4 39.Nxa5 Nb5 40.Ra6 Nc7 41.Ra7 Nb5 42.Rb7 Nd6
43.Rb6 e5 44.Nh5 Re6 45.Nc4 Qa8+ 46.Kg1 Qd5 47.Qg4 g6 48.Nxd6 Kh7 49.Ne8  1-0

[Event "Fide Mercenarios 4th"]
[Site "MEX"]
[Date "1995.??.??"]
[Round "1"]
[White "Calderin, Roberto"]
[Black "Norgaard, Jesper"]
[Result "1/2-1/2"]
[WhiteElo "2445"]
[BlackElo "2315"]

1.d4 Nf6 2.Bg5 e6 3.e4 h6 4.Bxf6 Qxf6 5.Nf3 d6 6.Nbd2 Nd7 7.c3 Qd8 8.Bd3 b6
9.Qe2 Be7 10.a4 a6 11.O-O Bb7 12.Rfe1 c5 13.d5 e5 14.b4 Qc7 15.Reb1 O-O 16.Rb2 Rfb8
17.Rab1 Bc8 18.Nb3 Bg5 19.g3 Nf8 20.h4 Be7 21.Nfd2 Bd8 22.bxc5 bxc5 23.Nc4 Bd7
24.a5 Bb5 25.Nb6 Bxd3 26.Qxd3 Ra7 27.Nd2 Nd7 28.Nbc4 Raa8 29.Nb6 Ra7 30.Nxd7 Rxb2
31.Rxb2 Qxd7 32.Nc4 Bc7 33.Kg2 Qa4 34.Qe2 h5 35.Kh2 g6 36.f4 exf4 37.gxf4 Qd7
38.f5 Qe7 39.Qf2 Kg7 40.e5 dxe5 41.d6 Bxd6 42.Rb6 Rd7 43.f6+ Qxf6 44.Qxf6+ Kxf6
45.Nxd6 Ke6 46.Ne4+ Kf5 47.Nxc5 Rd5 48.Nb3 Rd3 49.Rxa6 Rxc3 50.Rb6 Kg4 51.Kg1 Rc2
52.a6 Ra2 53.Nc5 Ra5 54.Rb4+ Kg3 55.Ra4 Rxc5 56.a7 Rc8 57.Ra3+ Kxh4 58.a8=Q Rxa8
59.Rxa8 f5 60.Kf2 Kg4 61.Ra1 g5 62.Ke3 h4 63.Rf1 e4 64.Rg1+ Kh5 65.Kd4 h3
66.Ke5 Kh4 67.Kxf5 h2 68.Ra1 e3 69.Ke4 Kg3 70.Kxe3 g4 71.Ke4 Kg2 72.Kf4 g3
73.Kg4 h1=Q  1/2-1/2

[Event "Fide Mercenarios 4th"]
[Site "MEX"]
[Date "1995.??.??"]
[Round "8"]
[White "Araiza Nieto, Victor Fernando"]
[Black "Norgaard, Jesper"]
[Result "0-1"]
[WhiteElo "2010"]
[BlackElo "2315"]

1.d4 Nf6 2.Bg5 e6 3.Nf3 h6 4.Bh4 b6 5.Nbd2 Bb7 6.e3 c5 7.c3 Be7 8.Bd3 Nc6
9.Nc4 O-O 10.Bxf6 Bxf6 11.Nd6 Qc7 12.Ne4 Be7 13.O-O d5 14.Ng3 Rfd8 15.Bc2 e5
16.dxe5 Nxe5 17.Nxe5 Qxe5 18.Qd3 g6 19.f4 Qg7 20.f5 Rd6 21.Rf2 a5 22.Ba4 Qe5
23.fxg6 fxg6 24.Bb5 Bg5 25.Rf3 Rf8 26.Raf1 Rxf3 27.Rxf3 Bc8 28.e4 Bg4 29.Rf1 c4
30.Qc2 Be6 31.Qf2 d4 32.Qf8+ Kh7 33.Qe8 Bf6 34.cxd4 Rxd4 35.Qf8 Bg7 36.Qe8 Rd2
37.Qc6 Qxb2 38.e5 Bd5 39.Qxg6+ Kxg6 40.Be8+  0-1

[Event "Mislata op 4th"]
[Site "Mislata"]
[Date "1995.??.??"]
[Round "9"]
[White "Alonso Pascual, Francisco"]
[Black "Eslon, Jaan"]
[Result "0-1"]
[WhiteElo "2230"]
[BlackElo "2415"]

1.d4 Nf6 2.Bg5 e6 3.Nd2 h6 4.Bf4 Nh5 5.Be3 b6 6.Ngf3 Bb7 7.g3 Nf6 8.Bg2 Be7
9.Nb3 d6 10.O-O O-O 11.c4 c5 12.dxc5 bxc5 13.Rc1 Nc6 14.Ne1 Qc7 15.Nd3 a5
16.Na1 Nb4 17.a3 Bxg2 18.Kxg2 Nxd3 19.exd3 a4 20.Qf3 Rab8 21.Rb1 Nd7 22.b4 axb3
23.Nxb3 Ne5 24.Qe2 Qc6+ 25.Kh3 g5 26.g4 f5 27.f4 Nxg4 28.Rg1 Qe8 29.Kg3 e5
30.fxe5 Nxe3 31.Kf3 f4 32.Kf2 dxe5 33.Qf3 Qg6  0-1

[Event "Moscow op2"]
[Site "Moscow"]
[Date "1995.??.??"]
[Round "5"]
[White "Sosnin, Nikolay N"]
[Black "Kostin, Alexey"]
[Result "1-0"]
[WhiteElo "2210"]
[BlackElo "2310"]

1.d4 Nf6 2.Bg5 e6 3.e3 b6 4.Bd3 Bb7 5.Nf3 Be7 6.Nbd2 d6 7.O-O Nbd7 8.c3 e5
9.Bxf6 Bxf6 10.Ne4 O-O 11.Qc2 g6 12.Nxf6+ Qxf6 13.Be4 Bxe4 14.Qxe4 Qe7 15.a4 a5
16.Qc6 Rac8 17.b4 exd4 18.exd4 Qd8 19.h4 Ra8 20.h5 Nf6 21.hxg6 hxg6 22.Rfe1 Kg7
23.Re3 Qd7 24.Qxd7 Nxd7 25.Re7 Rfd8 26.b5 Kf6 27.Rae1 Rac8 28.R7e4 g5 29.Rg4 Rg8
30.Nd2 d5 31.Nf1 c6 32.Ne3 Ke6 33.Rg3 cxb5 34.Nc4+ Kf6 35.Rf3+ Kg6 36.Nd6 Rcf8
37.Re7 Nf6 38.axb5 Ne4 39.Nxf7 Kh5 40.Ne5 Rxf3 41.Rh7+  1-0

[Event "Moscow op2"]
[Site "Moscow"]
[Date "1995.??.??"]
[Round "7"]
[White "Danielian, Oganes"]
[Black "Losev, Dmitry"]
[Result "1-0"]
[WhiteElo "2450"]
[BlackElo "2315"]

1.d4 Nf6 2.Bg5 e6 3.e4 h6 4.Bxf6 Qxf6 5.Nc3 d6 6.Qd2 Nd7 7.f4 g5 8.Nb5 Kd8
9.Nh3 gxf4 10.Nxf4 c6 11.Na3 e5 12.dxe5 dxe5 13.Ne2 Kc7 14.Nc4 Nb6 15.Qa5 Be6
16.Ng3 Rd8 17.Bd3 Bxc4 18.Bxc4 Rd4 19.Rf1 Qg5 20.Rf5 Qe3+ 21.Kf1 Bc5 22.Re1 Qxe1+
23.Kxe1 Rxc4 24.c3 Bd6 25.b3 Rc5 26.Rxf7+ Kb8  1-0